Score 0/12 Timer 04:00
1 Play Today
Question Answer Wrong Answers
Which is a slang term for one thousand units of a given currency, usually dollars or pounds? Grand
92.3%
Great
1.5%
Especial
0.8%
Garland
1.3%
Which is a city in Ventura County, California, United States? Thousand Oaks
83.2%
Thousand Islands
4.1%
Thousand Acres
11%
Thousand Stars
1.5%
Which is the metric prefix for thousand? Kilo
83.1%
Mega
6.8%
Hecto
1.2%
Giga
3%
Which refers to one thousand years? Millennium
82.7%
Decade
0.7%
Century
3.9%
Annum
1.4%
Thousand Island dressing is often substituted for Russian dressing on which sandwich? Reuben
79.4%
Fluffernutter
3.4%
BLT
8.1%
Philly Cheesesteak
6.8%
Which is the common name for the collection of stories framed on the ruler Shahryār and his wife Scheherazade? One Thousand and One Nights
75.8%
One Thousand and One Knights
9.4%
One Thousand Tales of Knights
4.5%
One Thousand and One Frights
1.5%
Which is the Roman numeral for one thousand? M
71.7%
L
6.5%
C
3.7%
D
3.5%
10 to which power is equal to one thousand? Third
67%
Second
8.5%
Fourth
3.6%
Hundredth
13.4%
Chris Kenner, Cannibal and the Headhunters, Wilson Pickett and Ted Nugent all had a hit with which song? 'Land of a Thousand Dances'
66.9%
'Land of a Thousand Dunces'
9.5%
'High School With a Thousand Dances'
3.8%
'A Twist on a Thousand Dances'
5.5%
Which phrase do gamblers often use to refer to one thousand dollars? Dime
47.2%
Nickel
2.9%
Buck
32.5%
Quarter
4.3%
Hitler wanted to create 'The Thousand-Year Reich' or the Third Reich. Which was considered the First Reich? The Holy Roman Empire
41.7%
Bismarck's Germany
20%
The Kingdom of Prussia
16.7%
The Empire of Attila the Hun
7.7%
Which President popularized the phrase 'a thousand points of light'? George H.W. Bush
41.1%
Ronald Reagan
27.8%
Bill Clinton
7.3%
Richard Nixon
11.3%
Remove Ads.
Support Sporcle.
Get the best of Sporcle when you Go Orange. This ad-free experience offers more features, more stats, and more fun while also helping to support Sporcle. Thank you for becoming a member.

You're not logged in!

Compare scores with friends on all Sporcle quizzes.
OR
Log In

Show Comments

Extras

Top Quizzes Today


Score Distribution

Your Account Isn't Verified!

In order to create a playlist on Sporcle, you need to verify the email address you used during registration. Go to your Sporcle Settings to finish the process.

Report this User

Report this user for behavior that violates our Community Guidelines.

Details: